Exploring open and distance learning (Record no. 2174)

000 -LEADER
fixed length control field nam a22 a 4500
005 - DATE AND TIME OF LATEST TRANSACTION
control field 20170515145621.0
008 - FIXED-LENGTH DATA ELEMENTS--GENERAL INFORMATION
fixed length control field 940321s1992 enka || 001 ||eng
020 ## - INTERNATIONAL STANDARD BOOK NUMBER
International Standard Book Number 0749408138
040 ## - CATALOGING SOURCE
Original cataloging agency AKMAL
082 ## - DEWEY DECIMAL CLASSIFICATION NUMBER
Classification number 370.1523 ROW
090 ## - LOCALLY ASSIGNED LC-TYPE CALL NUMBER (OCLC); LOCAL CALL NUMBER (RLIN)
Classification number (OCLC) (R) ; Classification number, CALL (RLIN) (NR) 370.1523
Local cutter number (OCLC) ; Book number/undivided call number, CALL (RLIN) ROW
100 1# - MAIN ENTRY--PERSONAL NAME
Personal name Rowntree, Derek.
9 (RLIN) 4570
245 10 - TITLE STATEMENT
Title Exploring open and distance learning
Statement of responsibility, etc. Derek Rowntree
260 ## - PUBLICATION, DISTRIBUTION, ETC.
Place of publication, distribution, etc. London
Name of publisher, distributor, etc. Kogan Page,
Date of publication, distribution, etc. 1992.
300 ## - PHYSICAL DESCRIPTION
Extent 299p. :
Other physical details ill. ;
Dimensions 24 cm
490 ## - SERIES STATEMENT
Series statement Open and distance learning series
500 ## - GENERAL NOTE
General note Published in association with the Open University.
830 ## - SERIES ADDED ENTRY--UNIFORM TITLE
Uniform title Open and distance learning series.
9 (RLIN) 4571
852 ## - LOCATION
Location British Library
Sublocation or collection HMNTS
942 ## - ADDED ENTRY ELEMENTS (KOHA)
Source of classification or shelving scheme
Koha item type Book
Holdings
Withdrawn status Lost status Source of classification or shelving scheme Damaged status Not for loan Collection code Home library Current library Shelving location Date acquired Inventory number Total Checkouts Full call number Barcode Date last seen Price effective from Koha item type
          NON-FICTION AKMAL Melaka AKMAL Melaka PINJAMAN 15.05.2017 002546   370.1523 ROW 201706599 15.05.2017 15.05.2017 Book
Pusat Sumber Maklumat Dato' Haji Sarmin Md Hussin, Akademi Kastam Diraja Malaysia, Melaka
Tel: 06-2331106 | Faks: 06-2313787